000 00982nam0a22002651 4500
001 rc\2247148
005 20250623070056.0
035 _a(NLR Aleph) 006651832
090 _a4802398
_c4802398
100 _a20110829d1979 |||y0rusy50 ca
101 0 _arus
102 _aRU
105 _aa z |||||
200 1 _aАлгоритм выбора оптимальных параметров сверхпроводящей обмотки возбуждения криогенной синхронной машины
210 _aХарьков
_cФТИНТ
_d1979
215 _a18 с.
_cил.
_d21
225 1 _aПрепринт
_fАН УССР, Физ.-техн. ин-т низких температур
_v5
320 _aБиблиогр.: с. 17-18
700 1 _aГаврилов
_bР.В.
_gРоланд Владимирович
801 0 _aRU
_bNLR
_gpsbo
801 1 _aRU
_bELAR
_2rusmarc
852 _aNLR
_j79-4/20324
899 _aRuMoRGB
_jБ 77-35/248
942 _cBOOK
980 _aNB